Седиментационно устойчивые тампонажные составы для цементирования горизонтальных и пологих скважин; Нефтяное хозяйство; № 4

Λεπτομέρειες βιβλιογραφικής εγγραφής
Parent link:Нефтяное хозяйство: научно-технический производственный журнал.— , 1925-1940, 1946-.— 0028-2448
№ 4.— 2003.— С. 98-101
Κύριος συγγραφέας: Рябоконь С. А.
Άλλοι συγγραφείς: Ашрафьян М. О., Гринько Ю. В.
Γλώσσα:Ρωσικά
Έκδοση: 2003
Σειρά:Бурение скважин
Θέματα:
Μορφή: Κεφάλαιο βιβλίου
KOHA link:https://koha.lib.tpu.ru/cgi-bin/koha/opac-detail.pl?biblionumber=386414

MARC

LEADER 00000naa2a2200000 4500
001 386414
005 20231101063456.0
035 |a (RuTPU)RU\TPU\prd\15183 
090 |a 386414 
100 |a 20030617a2003 k y0rusy50 ca 
101 0 |a rus 
102 |a RU 
200 1 |a Седиментационно устойчивые тампонажные составы для цементирования горизонтальных и пологих скважин  |f С. А. Рябоконь, М. О. Ашрафьян, Ю. В. Гринько 
225 1 |a Бурение скважин 
320 |a Библиогр.: 8 назв. 
461 1 |0 (RuTPU)RU\TPU\prd\1638  |x 0028-2448  |t Нефтяное хозяйство  |o научно-технический производственный журнал  |d 1925-1940, 1946- 
463 1 |0 (RuTPU)RU\TPU\prd\15057  |t № 4  |v С. 98-101  |d 2003 
610 1 |a тампонажные составы 
610 1 |a цементирование 
610 1 |a горизонтальные скважины 
610 1 |a седиментационная устойчивость 
610 1 |a пологие скважины 
610 1 |a заканчивание скважин 
675 |a 622.245.422  |v 3 
700 1 |a Рябоконь  |b С. А. 
701 1 |a Ашрафьян  |b М. О. 
701 1 |a Гринько  |b Ю. В. 
801 1 |a RU  |b 63413507  |c 20030617  |g PSBO 
801 2 |a RU  |b 63413507  |c 20131025  |g RCR 
942 |c BK